Answers Contain "Boy" - Statistics

General Stats
  • This quiz has been taken 324 times
    244 since last reset
  • The average score is 13 of 28
Answer Stats
Hint Answer % Correct
For example, Backstreet Boys or New Kids on the Block boy band
95%
Girl who exhibits characteristics or behaviors considered typical of a boy tomboy
95%
8-bit handheld game console by Nintendo Game Boy
84%
Young males who gather in troops to participate in activities like camping Boy Scouts
83%
Lead singer of Culture Club who sang on hits like "Karma Chameleon" Boy George
69%
American furniture manufacturer famous for their upholstered recliners La-Z-Boy
68%
The nickname for Batman's sidekick Robin Boy Wonder
61%
Shepherd boy who tricked villagers until no one believed him The Boy Who Cried Wolf
60%
Codename of weapon dropped on Hiroshima Little Boy
58%
1993 buddy cop action comedy with Will Smith and Martin Lawrence Bad Boys
56%
A child with severe immunodeficiency who lives in a sterile containment system bubble boy
53%
Traditional sandwich from Louisiana, often including fried seafood po' boy
51%
1987 ensemble vampire movie (or Peter Pan's gang) The Lost Boys
51%
1936 was the year this U.S. burger chain was founded Big Boy
48%
Johnny Cash hit (and Shel Silverstein poem) about a man who hates his name A Boy Named Sue
46%
American rapper known for debut hit "Crank That" Soulja Boy
40%
Famous vocal harmony group from Philadelphia Boyz II Men
37%
1913 ballad set to the traditional Irish melody of "Londonderry Air" Danny Boy
37%
1993-2000 coming-of-age sitcom starring Ben Savage Boy Meets World
34%
1999 Hilary Swank film about a transgender hate crime (or 1979 Cure song) Boys Don't Cry
31%
Spongebob: Sidekick of Mermaid Man Barnacle Boy
28%
Simpsons: Sidekick of Radioactive Man, inspiration for similarly-named band Fallout Boy
26%
1980 John Lennon song written for his son Sean Beautiful Boy
23%
American bank robber of the 1930s Pretty Boy Floyd
18%
1995 buddy adventure comedy starring Chris Farley and David Spade Tommy Boy
17%
2003 Korean film: a man is imprisoned in a cell that resembles a hotel room Old Boy
16%
Alternate name for South Korean pop group BTS {Bangtan} Boys
12%
1991 buddy action comedy thriller film with Bruce Willis and Damon Wayans The Last Boy Scout
11%
No matching quizzes found
Score Distribution
Percent of People with Each Score
Percentile by Number Answered
Your Score History
You have not taken this quiz since the last reset